00681nam a2200193 a 450000100100000000500170001000800410002704000250006808200140009310000280010724500610013526000360019630000210023250000630025350400330031604900090034995201120035899900170047000002178120200930011440.0100913s1995 dr 000 0 spa d aDO-SdBNPbspacBNPHU axxxbU76a1 aUribe, Alejandro94525310aAcoso sexual, medicina y otros casos /cAlejandro Uribe. aSanto Domingo :bCIEMPS,c1995. a136 p. ;c22 cm. aIncluye datos biográficos del autor en la contracubierta aBibliografías : p. 133-136 aBNPD 0010718PDaPDbPDcCTd2010-09-13iLF1l0oxxx U76ap21781-10r2020-06-25w2020-06-25yLFPDZNo se presta c21280d21280